乙男蚁女 (Record no. 64107)

000 -LEADER
fixed length control field 00449nam a22001937a 4500
003 - CONTROL NUMBER IDENTIFIER
control field MPLRDC
005 - DATE AND TIME OF LATEST TRANSACTION
control field 20220104191132.0
008 - FIXED-LENGTH DATA ELEMENTS--GENERAL INFORMATION
fixed length control field 210129b ||||| |||| 00| 0 eng d
020 ## - INTERNATIONAL STANDARD BOOK NUMBER
International Standard Book Number 978-986-173-669-3
082 ## - DEWEY DECIMAL CLASSIFICATION NUMBER
Classification number 731.3 MLMY
100 ## - MAIN ENTRY--PERSONAL NAME
Personal name 茂吕美耶
245 ## - TITLE STATEMENT
Title 乙男蚁女
Statement of responsibility, etc.
250 ## - EDITION STATEMENT
Edition statement 初版
260 ## - PUBLICATION, DISTRIBUTION, ETC.
Place of publication, distribution, etc. 台湾
Name of publisher, distributor, etc. 麦田出版
Date of publication, distribution, etc. 2011
300 ## - PHYSICAL DESCRIPTION
Other physical details
490 ## - SERIES STATEMENT
Series statement MIYA: 4
650 ## - SUBJECT ADDED ENTRY--TOPICAL TERM
Topical term or geographic name entry element 日本文化
942 ## - ADDED ENTRY ELEMENTS (KOHA)
Koha item type Book
-- 731.3 MLMY
Holdings
Withdrawn status Lost status Source of classification or shelving scheme Damaged status Not for loan Collection code Home library Current library Shelving location Date acquired Cost, normal purchase price Total Checkouts Total Renewals Full call number Barcode Date last seen Date last checked out Price effective from Koha item type Public note
            Malaysian Public Library, Research and Development Centre Malaysian Public Library, Research and Development Centre   05/01/2012 40.00   1 731.3 MLMY 00058257 18/03/2021 26/11/2016 18/03/2021 Book mplrdc

© 2022. Malaysian Public Library, Research and Development Centre. All Right ReservedE-mailmplrdc@help.edu.my 

Powered by Koha